Famous Fuzzy Faces II Quiz Stats

Quiz Updated Jan 23, 2015

Also try: Famous Fuzzy Faces
Challenge
Share
Tweet
Score 0/25 Timer 03:00
1 Play Today
Number Famous Person % Correct
Mona Lisa
91.4%
Barack Obama
89%
Jay Leno
82%
Jesus Christ
79.9%
Queen Elizabeth II
76.7%
Elvis Presley
72.3%
Tom Hanks
70%
Jack Nicholson
69.3%
Jerry Seinfeld
67.4%
Hillary Clinton
66.3%
Clint Eastwood
62.1%
Jim Carrey
59.6%
Mother Teresa
57.4%
Number Famous Person % Correct
Franklin D. Roosevelt
54.4%
Michael Jordan
52.7%
Bob Marley
48.6%
Daniel Radcliffe (Harry Potter)
41.1%
Christopher Columbus
27.7%
King George III
25.4%
Sir Isaac Newton
22.4%
Arnold Schwarzenegger
18.2%
Mark Zuckerberg
16.4%
Henry Ford
13%
Joe Montana
7.6%
Wayne Gretzky
6.4%

You're not logged in!

Compare scores with friends on all Sporcle quizzes.
Sign Up with Email
OR
Log In

You Might Also Like...

Show Comments

Extras

Top Quizzes Today


Score Distribution

Your Account Isn't Verified!

In order to create a playlist on Sporcle, you need to verify the email address you used during registration. Go to your Sporcle Settings to finish the process.